000
00288nam a22001217a 4500
008
180911b xxu||||| |||| 00| 0 eng d
041
_a
eng
080
_a
574
100
_a
9
101
_a
MJE
245
_a
A Clear View Guide to Industrial Pollution Control
_c
Cannon, J
942
_2
udc
_c
BK
999
_c
47672
_d
47672